Trombinoscope du top 20 des joueurs de fléchettes à fin 2024 - Statistiques

Statistiques générales
  • Ce quiz a été pris 250 fois
  • Le résultat moyen est 13 sur 20
Statistiques - réponses
Hint Réponse % Correct
Luke Littler (n°4)
93%
Michael van Gerwen (n°3)
92%
Stephen Bunting (n°8)
89%
Luke Humphries (n°1)
86%
Peter Wright (n°17)
82%
Nathan Aspinall (n°12)
79%
Gerwyn Price (n°10)
78%
Michael Smith (n°2)
75%
Rob Cross (n°5)
71%
Gary Anderson (n°14)
65%
Jonny Clayton (n°7)
62%
Chris Dobey (n°15)
62%
Ryan Searle (n°20)
60%
Damon Heta (n°9)
59%
James Wade (n°16)
58%
Dimitri Van den Bergh (n°11)
55%
Josh Rock (n°18)
45%
Danny Noppert (n°13)
44%
Dave Chisnall (n°6)
41%
Ross Smith (n°19)
37%
Aucun quiz correspondant
Distribution des résultats
% des personnes avec chaque résultat
Percentile par nombre de réponses
Votre historique - résultats
Vous n’avez pas pris ce quiz